Vliv lokalizace významného investora na místní ekonomický rozvoj
Pohľad na pochopenie vývoja priestoru a jeho väzieb v ekonomickom rozvoji. Konkrétny príklad komplexnosti dopadov konkrétnej aktivity na ekonomický rozvoj s prihliadnutím k priestorovej dimenzii.
Enregistré dans:
| Auteur principal: | |
|---|---|
| Autres auteurs: | |
| Format: | Chapitre de livre |
| Langue: | slovaque |
| Sujets: | |
| Tags: |
Pas de tags, Soyez le premier à ajouter un tag!
|
MARC
| LEADER | 00000nla a2200000 4500 | ||
|---|---|---|---|
| 001 | 0220137 | ||
| 005 | 20240502083547.2 | ||
| 041 | 0 | |a slo | |
| 044 | |a CZ | ||
| 245 | 1 | 0 | |a Vliv lokalizace významného investora na místní ekonomický rozvoj |c Milan Damborský, Jozef Tvrdoň |
| 520 | |a Pohľad na pochopenie vývoja priestoru a jeho väzieb v ekonomickom rozvoji. Konkrétny príklad komplexnosti dopadov konkrétnej aktivity na ekonomický rozvoj s prihliadnutím k priestorovej dimenzii. | ||
| 610 | 2 | 0 | |a rozvoj regionálny |
| 610 | 2 | 0 | |a diferenciácia regionálna |
| 610 | 2 | 0 | |a integrácia regionálna |
| 610 | 2 | 0 | |a ekonomika priestorová |
| 610 | 2 | 0 | |a politika regionálna |
| 610 | 2 | 0 | |a štúdie prípadové |
| 100 | 1 | |a Damborský, Milan | |
| 700 | 1 | |a Tvrdoň, Jozef | |